Teaming up : achieving organizational transformation /

Bibliographic Details
Main Author: HARSHMAN, Carl L.
Format: Book
Published: New Delhi: S. Chand, 1995.
Edition:1st ed..
Subjects:
LEADER 00724cam a2200253 7i4500
001 0000053793
005 20151104090000.0
005 ##20151104172400.0
002 ##000000733
003 ##MY-KlINT
008 151104 00010 eng
020 # # |a 8121909651  
039 # 9 |y 201511041724  |z VLOAD 
090 0 0 |a 658.3152 HAR  
100 1 # |a HARSHMAN, Carl L. 
245 0 0 |a Teaming up :   |b achieving organizational transformation /   |c Carl L. Harshman.. 
250 # # |a 1st ed.. 
260 # # |a New Delhi:   |b S. Chand,   |c 1995. 
300 # # |a 208p; 23cm. 
650 # 0 |a Team work  
996 |a ikwas2000.out 
997 |a 3000011233  |b IKWS  |c MNF  |d BOK 
998 |a 0000000722 
999 |a 3000011233  |b BOOK  |c Main Non-Fiction  |e INTAN Kampus Wilayah Selatan